书目信息 |
| 题名: |
现代空气微生物学
|
|
| 作者: | 于玺华 | |
| 分册: | ||
| 出版信息: | 北京 人民军医出版社 2002 |
|
| 页数: | 406 | |
| 开本: | 26cm | |
| 丛书名: | ||
| 单 册: | ||
| 中图分类: | R122.1 | |
| 科图分类: | ||
| 主题词: | 环境卫生 | |
| 电子资源: | ||
| ISBN: | 7-80157-254-8 | |
| 000 | 00510nam0 2200181 450 | |
| 001 | 0741144344 | |
| 005 | 20070817112544.34 | |
| 010 | @a7-80157-254-8@b精装@d¥48.00 | |
| 100 | @a20070817d km y0chiy0120 ea | |
| 101 | 0 | @achi |
| 200 | 1 | @a现代空气微生物学@Axian dai kong qi wei sheng wu xue@f于玺华@Fyu xi hua |
| 210 | @a北京@c人民军医出版社@d2002 | |
| 215 | @a406@d26cm | |
| 606 | 0 | @a环境卫生 |
| 690 | @aR122.1@v3 | |
| 701 | 0 | @a于玺华@Ayu xi hua |
| 801 | 0 | @aCN@bPFT@c20070817 |
| 905 | @a213230@dR122.1@en1@f1 | |
| 现代空气微生物学/于玺华.-北京:人民军医出版社,2002 |
| 406;26cm |
| ISBN 7-80157-254-8(精装):¥48.00 |
| ● |
| 相关链接 |
|
|
|
|
正题名:现代空气微生物学
索取号:R122.1/n1
 
预约/预借
| 序号 | 登录号 | 条形码 | 馆藏地/架位号 | 状态 | 备注 |
| 1 | 6601341 | 266013413 | 密集书库-生命科学系/ [索取号:R122.1/n1] | 在馆 |